<?xml version="1.0" encoding="UTF-8"?><?xml-stylesheet type="text/xsl" href="static/style.xsl"?><OAI-PMH xmlns="http://www.openarchives.org/OAI/2.0/" xmlns:xsi="http://www.w3.org/2001/XMLSchema-instance" xsi:schemaLocation="http://www.openarchives.org/OAI/2.0/ http://www.openarchives.org/OAI/2.0/OAI-PMH.xsd"><responseDate>2026-04-29T23:03:57Z</responseDate><request verb="GetRecord" identifier="oai:repisalud.isciii.es:20.500.12105/17185" metadataPrefix="marc">https://repisalud.isciii.es/rest/oai/request</request><GetRecord><record><header><identifier>oai:repisalud.isciii.es:20.500.12105/17185</identifier><datestamp>2025-03-24T15:55:11Z</datestamp><setSpec>com_20.500.12105_2052</setSpec><setSpec>com_20.500.12105_2051</setSpec><setSpec>com_20.500.12105_15322</setSpec><setSpec>col_20.500.12105_19609</setSpec><setSpec>col_20.500.12105_16978</setSpec></header><metadata><record xmlns="http://www.loc.gov/MARC21/slim" xmlns:dcterms="http://purl.org/dc/terms/" xmlns:doc="http://www.lyncode.com/xoai" xmlns:xsi="http://www.w3.org/2001/XMLSchema-instance" xsi:schemaLocation="http://www.loc.gov/MARC21/slim http://www.loc.gov/standards/marcxml/schema/MARC21slim.xsd">
   <leader>00925njm 22002777a 4500</leader>
   <datafield ind2=" " ind1=" " tag="042">
      <subfield code="a">dc</subfield>
   </datafield>
   <datafield ind2=" " ind1=" " tag="720">
      <subfield code="a">Sepulveda-Crespo, Daniel</subfield>
      <subfield code="e">author</subfield>
   </datafield>
   <datafield ind2=" " ind1=" " tag="720">
      <subfield code="a">Treviño-Nakoura, Ana</subfield>
      <subfield code="e">author</subfield>
   </datafield>
   <datafield ind2=" " ind1=" " tag="720">
      <subfield code="a">Bellón, José María</subfield>
      <subfield code="e">author</subfield>
   </datafield>
   <datafield ind2=" " ind1=" " tag="720">
      <subfield code="a">Ardizone Jimenez, Beatriz</subfield>
      <subfield code="e">author</subfield>
   </datafield>
   <datafield ind2=" " ind1=" " tag="720">
      <subfield code="a">Jimenez-Sousa, Maria Angeles</subfield>
      <subfield code="e">author</subfield>
   </datafield>
   <datafield ind2=" " ind1=" " tag="720">
      <subfield code="a">Fernandez-Rodriguez, Amanda</subfield>
      <subfield code="e">author</subfield>
   </datafield>
   <datafield ind2=" " ind1=" " tag="720">
      <subfield code="a">Martinez, Isidoro</subfield>
      <subfield code="e">author</subfield>
   </datafield>
   <datafield ind2=" " ind1=" " tag="720">
      <subfield code="a">Resino, Salvador</subfield>
      <subfield code="e">author</subfield>
   </datafield>
   <datafield ind2=" " ind1=" " tag="260">
      <subfield code="c">2022-10</subfield>
   </datafield>
   <datafield ind2=" " ind1=" " tag="520">
      <subfield code="a">Background: Treatment of hepatitis C virus (HCV) infection with direct-acting antivirals (DAAs) is monitored by assessing plasma HCV-RNA load. However, detection of HCV core antigen (HCVcAg) may be an alternative. Aim: To evaluate the diagnostic performance of the HCVcAg assay to monitor the efficacy of DAAs in HCV-infected patients METHODS: We performed searches in multiple electronic databases until 6 July 2022, of studies evaluating the HCVcAg detection in plasma or serum compared with the HCV-RNA test (gold standard). We calculated pooled measurement at 2 and 4 weeks of treatment, and at end-of-treatment (EOT), as well as sustained virological response (SVR; 12 weeks after EOT). Results: We selected 16 studies from 2016 to 2022, with 3237 patients and 8958 samples. Overall, the diagnostic performance and clinical utility of the HCVcAg assay were poor at week 2 (sensitivity = 0.40, specificity = 0.96, positive likelihood ratio (PLR) = 9.16, negative likelihood ratio (NLR) = 0.63, and area under the summary receiver operating curve (SROC) = 0.57), fair at week 4 (sensitivity = 0.30, specificity = 0.90, PLR = 3.18, NLR = 0.77, and AUC = 0.79), acceptable at EOT (sensitivity = 0.40, specificity =0.98, PLR = 16.54, NLR = 0.62, and AUC = 0.97) and excellent for SVR (sensitivity = 0.94, specificity = 0.99, PLR = 107.54, NLR = 0.06, and AUC = 0.99). Conclusions: The HCVcAg assay may be helpful for monitoring the efficacy of HCV treatment with DAAs in HCV-infected patients at EOT and for documenting SVR, but not at weeks 2 and 4 of treatment due to poor diagnostic performance.</subfield>
   </datafield>
   <datafield ind1="8" ind2=" " tag="024">
      <subfield code="a">Aliment Pharmacol Ther. 2022 Oct;56(8):1224-1234.</subfield>
   </datafield>
   <datafield ind1="8" ind2=" " tag="024">
      <subfield code="a">10.1111/apt.17198</subfield>
   </datafield>
   <datafield ind1="8" ind2=" " tag="024">
      <subfield code="a">1365-2036</subfield>
   </datafield>
   <datafield ind1="8" ind2=" " tag="024">
      <subfield code="a">Alimentary pharmacology &amp; therapeutics</subfield>
   </datafield>
   <datafield ind1="8" ind2=" " tag="024">
      <subfield code="a">36031747</subfield>
   </datafield>
   <datafield ind1="8" ind2=" " tag="024">
      <subfield code="a">http://hdl.handle.net/20.500.12105/17185</subfield>
   </datafield>
   <datafield tag="653" ind2=" " ind1=" ">
      <subfield code="a">HCV</subfield>
   </datafield>
   <datafield tag="653" ind2=" " ind1=" ">
      <subfield code="a">Direct-acting antivirals</subfield>
   </datafield>
   <datafield tag="653" ind2=" " ind1=" ">
      <subfield code="a">HCV core antigen</subfield>
   </datafield>
   <datafield tag="653" ind2=" " ind1=" ">
      <subfield code="a">Diagnostic performance</subfield>
   </datafield>
   <datafield tag="653" ind2=" " ind1=" ">
      <subfield code="a">Therapy monitoring</subfield>
   </datafield>
   <datafield ind2="0" ind1="0" tag="245">
      <subfield code="a">Meta-analysis: diagnostic accuracy of hepatitis C core antigen detection during therapy with direct-acting antivirals</subfield>
   </datafield>
</record></metadata></record></GetRecord></OAI-PMH>